Shut out of Europe (Record no. 79259)
[ view plain ]
| 000 -LEADER | |
|---|---|
| fixed length control field | 01778cab a22003135a 4500 |
| 001 - CONTROL NUMBER | |
| control field | L140372 |
| 008 - FIXED-LENGTH DATA ELEMENTS--GENERAL INFORMATION | |
| fixed length control field | 070920e20070915xxk f 000 0 eng d |
| 035 ## - SYSTEM CONTROL NUMBER | |
| System control number | (Sirsi) u140372 |
| 041 0# - LANGUAGE CODE | |
| Language code of text/sound track or separate title | eng |
| 100 1# - MAIN ENTRY--PERSONAL NAME | |
| Personal name | Radley-Gardner, Oliver |
| 245 00 - TITLE STATEMENT | |
| Title | Shut out of Europe |
| 260 ## - PUBLICATION, DISTRIBUTION, ETC. | |
| Date of publication, distribution, etc. | 2007 |
| 490 ## - SERIES STATEMENT | |
| Series statement | Estates Gazette |
| Volume/sequential designation | (0737) 15 September 2007, 228-229(2) |
| 520 ## - SUMMARY, ETC. | |
| Summary, etc. | Reports on the case of J A Pye (Oxford) Ltd v United Kingdom 44302/02 [2007] PLSCS 179. The Grand Chamber of the European Court of Human Rights (ECtHR) ruled that adverse possession of land under the Land Registration Act 1925 is not a breach of Article 1 of the First Protocol to the European Convention on Human Rights. This reverses the decision of the original (ECtHR) judgment. Following this precedent, after 10 years' adversarial possession, squatters may apply to be registered as proprietor. Even allowing for objections the squatter will have limited statutory success. If there are no objections the squatter will be registered as proprietor. This ruling leaves the matter in the hands of English courts and future cases may still be bound by High Court decisions. |
| 590 ## - LOCAL NOTE (RLIN) | |
| Local note | KA |
| 650 24 - SUBJECT ADDED ENTRY--TOPICAL TERM | |
| Topical term or geographic name entry element | J A PYE (OXFORD) LTD V UNITED KINGDOM (2007) |
| 650 24 - SUBJECT ADDED ENTRY--TOPICAL TERM | |
| Topical term or geographic name entry element | J A PYE (OXFORD) LTD V GRAHAM |
| 650 24 - SUBJECT ADDED ENTRY--TOPICAL TERM | |
| Topical term or geographic name entry element | PYE (OXFORD) LTD & ANOR V UNITED KINGDOM |
| 650 24 - SUBJECT ADDED ENTRY--TOPICAL TERM | |
| Topical term or geographic name entry element | BUCKINGHAMSHIRE COUNTY COUNCIL V MORAN |
| 650 24 - SUBJECT ADDED ENTRY--TOPICAL TERM | |
| Topical term or geographic name entry element | BEAULANE PROPERTIES LTD V PALMER |
| 650 24 - SUBJECT ADDED ENTRY--TOPICAL TERM | |
| Topical term or geographic name entry element | LIMITATION ACT 1980 |
| 650 24 - SUBJECT ADDED ENTRY--TOPICAL TERM | |
| Topical term or geographic name entry element | LAND REGISTRATION ACT 1925 |
| 650 24 - SUBJECT ADDED ENTRY--TOPICAL TERM | |
| Topical term or geographic name entry element | HUMAN RIGHTS ACT 1998 |
| 650 24 - SUBJECT ADDED ENTRY--TOPICAL TERM | |
| Topical term or geographic name entry element | BUCKINGHAMSHIRE CC V MORAN |
| 651 #4 - SUBJECT ADDED ENTRY--GEOGRAPHIC NAME | |
| Geographic name | United Kingdom |
| Chronological subdivision | |
| 690 ## - LOCAL SUBJECT ADDED ENTRY--TOPICAL TERM (OCLC, RLIN) | |
| Topical term or geographic name as entry element | PROPERTY-PROPERTY ACQUISITION AND DISPOSAL-REGISTRATION OF TITLE TO PROPERTY-LAND REGISTRATION |
| 700 1# - ADDED ENTRY--PERSONAL NAME | |
| Personal name | Small, Jonathan |
| 942 ## - ADDED ENTRY ELEMENTS (KOHA) | |
| Suppress in OPAC | 0 |
| Withdrawn status | Lost status | Source of classification or shelving scheme | Damaged status | Not for loan | Home library | Current library | Shelving location | Date acquired | Total Checkouts | Full call number | Barcode | Date last seen | Copy number | Price effective from | Koha item type |
|---|---|---|---|---|---|---|---|---|---|---|---|---|---|---|---|
| Dewey Decimal Classification | London | London | Journal article | 24/09/2007 | 140372 | 140372-1001 | 06/08/2019 | 1 | 06/08/2019 | Journal article |